Statistics for Top 10 Most Obese European Countries

Click here to take the quiz!

General Stats

  • This quiz has been taken 57 times
  • The average score is 6 of 10

Answer Stats

Obesity RateCountry% Correct
27.8%United Kingdom
92%
24.9%Greece
73%
28.9%Malta
73%
25.3%Ireland
71%
25.0%Bulgaria
65%
26.4%Hungary
62%
26.3%Lithuania
54%
24.5%Belarus
50%
26.0%Czech Republic
48%
25.6%Andorra
44%

Score Distribution

Percentile by Number Answered

Percent of People with Each Score

Your Score History

You have not taken this quiz